Statistics for Nu Metal Bands

Click here to take the quiz!

General Stats

  • This quiz has been taken 510 times
  • The average score is 11 of 32

Answer Stats

AlbumBand or Artist% Correct
IowaSlipknot
93%
Follow the LeaderKorn
92%
ToxicitySystem of a Down
91%
Hybrid TheoryLinkin Park
84%
Significant OtherLimp Bizkit
77%
The SicknessDisturbed
72%
Around the FurDeftones
68%
InfestPapa Roach
42%
Wisconsin Death TripStatic X
37%
SatelliteP.O.D.
36%
Lost and FoundMudvayne
35%
Chamber MusicCoal Chamber
32%
SinnerDrowning Pool
32%
AwakeGodsmack
30%
Make YourselfIncubus
22%
HomeSevendust
22%
PrimitiveSoulfly
22%
AnthologyAlien Ant Farm
20%
XIIIMushroomhead
20%
Break the CycleStaind
20%
Devil Without a CauseKid Rock
19%
Tonight the Stars RevoltPowerman 5000
19%
Get SomeSnot
18%
CandyassOrgy
16%
Every Six SecondsSaliva
14%
LifeDope
12%
Year of the SpiderCold
11%
WelcomeTaproot
11%
BrokeHed PE
10%
The Height of CallousnessSpineshank
10%
Someone in ControlTrapt
9%
Skull & BonesCypress Hill
7%

Score Distribution

Percentile by Number Answered

Percent of People with Each Score

Your Score History

You have not taken this quiz